| 000 | 00413nam a22001697a 4500 | ||
|---|---|---|---|
| 005 | 20160614095616.0 | ||
| 008 | 160614b xxu||||| |||| 00| 0 eng d | ||
| 020 | _a0-582-87181-6 | ||
| 041 | _aeng | ||
| 082 | _b7318 | ||
| 100 |
_aPeterlen, Roslyn & Durham, Marsha _91832 |
||
| 245 | _aThe Professional Writing Guide | ||
| 260 |
_bViva Books _c2004 |
||
| 300 | _a226 | ||
| 650 |
_aManagement _9241 |
||
| 942 | _cBK | ||
| 999 |
_c2576 _d2575 |
||